| 000 | 00391nam a2200157Ia 4500 | ||
|---|---|---|---|
| 003 | GCL | ||
| 008 | 140319s9999 xx 000 0 eng d | ||
| 040 |
_aGCL / _cGCL |
||
| 082 | 0 | 4 |
_a616.07575 _bH N |
| 100 | 1 | _aHENKIN, ROBERT | |
| 245 | 1 | 0 |
_aNUCLEAR MEDICINE / _cHENKIN, ROBERT |
| 260 |
_a[S.N] : _bMOSBY ، _c1996 |
||
| 650 | 0 | 4 | _aNUCLEAR MEDICINE |
| 650 | 0 | 4 | _aPATHOLOGY |
| 942 |
_2ddc _cBK |
||
| 999 |
_c10202 _d10202 |
||